00390nam a2200121Ia 4500008004100000082001100041245005700052250000600109260003200115300000700147630005700154730005700211090124s9999 xx 000 0 und d b202419 aSWAMIVIVEKANAND'S SYNTHESIS OF SCIENCE AND RELIGION  a2 bRANGANATHANANDA SWAMIc1966 a64 aSWAMIVIVEKANAND'S SYNTHESIS OF SCIENCE AND RELIGION  aSWAMIVIVEKANAND'S SYNTHESIS OF SCIENCE AND RELIGION